书目信息 |
| 题名: |
分析化学中的多元络合物
|
|
| 作者: | 慈云祥 , 周天泽 著 | |
| 分册: | ||
| 出版信息: | 北京 科学出版社 1999.09 |
|
| 页数: | 618页 | |
| 开本: | 32开 | |
| 丛书名: | ||
| 单 册: | ||
| 中图分类: | O641.4 | |
| 科图分类: | ||
| 主题词: | 物理化学 , 量子化学 | |
| 电子资源: | ||
| ISBN: | 7-03-007128-X | |
| 000 | 00633nam0 2200217 45 | |
| 001 | 0008041027 | |
| 005 | 20000905204931.3 | |
| 010 | @a7-03-007128-X@d43.00元 | |
| 100 | @a20000804d1999 km y0chiy0120 ea | |
| 101 | 0 | @achi |
| 105 | @a z 000yy | |
| 200 | 1 | @a分析化学中的多元络合物@AFen Xi Hua Xue Zhong De Duo Yuan Luo He Wu@f慈云祥,周天泽著@FCi Yun Xiang,Zhou Tian Ze Zhu |
| 210 | @a北京@c科学出版社@d1999.09 | |
| 215 | @a618页@d32开 | |
| 606 | 0 | @a物理化学 |
| 606 | 0 | @a量子化学 |
| 690 | @aO641.4@v3 | |
| 701 | 0 | @a慈云祥@4著 |
| 701 | 0 | @a周天泽@4著 |
| 801 | @aCN@bPftUser@c20000804 | |
| 905 | @dO641.4@eZ903@b121769-770@f2 | |
| 分析化学中的多元络合物/慈云祥,周天泽著.-北京:科学出版社,1999.09 |
| 618页;32开 |
| ISBN 7-03-007128-X:43.00元 |
| ● |
| 相关链接 |
|
|
|
正题名:分析化学中的多元络合物
索取号:O641.4/Z903
 
预约/预借
| 序号 | 登录号 | 条形码 | 馆藏地/架位号 | 状态 | 备注 |
| 1 | 121769 | 201217691 | 自科库401/401自科库 64排4列4层/ [索取号:O641.4/Z903] | 在馆 | |
| 2 | 121770 | 201217708 | 自科库401/401自科库 64排4列4层/ [索取号:O641.4/Z903] | 在馆 |